Quick Pick: Lynyrd Skynyrd Songs Quiz Stats

Quiz Updated May 22, 2016

Challenge
Share
Tweet
Embed
Score 0/18 Timer 01:30
2 Plays Today
% Correct
Alabama
92%
White
91.3%
Your
90.9%
Questions
90.2%
Saturday
89.6%
Free
89.5%
Three
87.1%
Double
87%
Truck
84.3%
% Correct
Take
84%
Simple
77.8%
Smell
77.8%
Friends
77.4%
Still
74.2%
Bullets
72.1%
Breeze
69.7%
Swamp
68.3%
MCA
58.2%

Today's Daily Dose

Word Ladder
Summertime

On This Day
June 23rd II

You're not logged in!

Compare scores with friends on all Sporcle quizzes.
Join for Free
OR
Log In

You Might Also Like...

Show Comments

Extras

Top Quizzes Today


Score Distribution

Your Account Isn't Verified!

In order to create a playlist on Sporcle, you need to verify the email address you used during registration. Go to your Sporcle Settings to finish the process.

Report this User

Report this user for behavior that violates our Community Guidelines.

Details: